| 000 | 00645nas a2200217 4500 | ||
|---|---|---|---|
| 001 | BR7306114 | ||
| 003 | BR-BrBNA | ||
| 005 | 20231205082558.0 | ||
| 007 | ta | ||
| 008 | 230509b bl.|||p| |||| 00| 00por d | ||
| 040 |
_aBR-BrBNA _bpor _cBiblioteca Nacional de Agricultura |
||
| 041 | _a(Pt) | ||
| 072 | _aL00 | ||
| 100 | 1 | _aLopes, M.X.D. | |
| 245 | 1 | _aPorco, "maquina" altamente capacitada para transformar alimentos [Sus domesticus] | |
| 650 | _aPRODUCAO ANIMAL | ||
| 650 | _aPORCO | ||
| 773 | 0 |
_tLavoura (Brazil) _xISSN 0023-9135 _g(Mar 1977), v. 80 p. 10-11 _wBR7306114 |
|
| 909 |
_a202311 _bLúcia _c55 _dLúcia Elande |
||
| 942 |
_2AGRIS _n0 _cANA |
||
| 999 |
_c92964 _d92964 |
||